Study on storage methods and rice market in tboung khmum district, tboung khmum province; សិក្សាលើវិធីសាស្ត្រស្តុកទុក និងទីផ្សារស្រូវអង្កររបស់កសិករ នៅស្រុកត្បូងឃ្មុំ ខេត្តត្បូងឃ្មុំ (Record no. 9373)

000 -LEADER
fixed length control field 00661nam a22001337a 4500
040 ## - CATALOGING SOURCE
Transcribing agency RUA
082 ## - DEWEY DECIMAL CLASSIFICATION NUMBER
Classification number AGE SOM 2015 B515 Or.
100 ## - MAIN ENTRY--AUTHOR NAME
Personal name SOM DARA; សោម ដារ៉ា
245 ## - TITLE STATEMENT
Title Study on storage methods and rice market in tboung khmum district, tboung khmum province; សិក្សាលើវិធីសាស្ត្រស្តុកទុក និងទីផ្សារស្រូវអង្កររបស់កសិករ នៅស្រុកត្បូងឃ្មុំ ខេត្តត្បូងឃ្មុំ
260 ## - PUBLICATION, DISTRIBUTION, ETC. (IMPRINT)
Place of publication RUA
Name of publisher Phnom Penh
Year of publication 2015
300 ## - PHYSICAL DESCRIPTION
Number of Pages xii; 54p.
Other physical details ill.
Dimensions 29cm.
856 ## - ELECTRONIC LOCATION AND ACCESS
Uniform Resource Identifier SOM DARA
942 ## - ADDED ENTRY ELEMENTS (KOHA)
Koha item type AGE
952 ## - LOCATION AND ITEM INFORMATION (KOHA)
Withdrawn status [LOCAL, KOHA] 0
952 ## - LOCATION AND ITEM INFORMATION (KOHA)
Withdrawn status [LOCAL, KOHA] 0
952 ## - LOCATION AND ITEM INFORMATION (KOHA)
Withdrawn status [LOCAL, KOHA] 0
952 ## - LOCATION AND ITEM INFORMATION (KOHA)
Withdrawn status [LOCAL, KOHA] 0
952 ## - LOCATION AND ITEM INFORMATION (KOHA)
Withdrawn status [LOCAL, KOHA] 0
952 ## - LOCATION AND ITEM INFORMATION (KOHA)
Withdrawn status [LOCAL, KOHA] 0
952 ## - LOCATION AND ITEM INFORMATION (KOHA)
Withdrawn status [LOCAL, KOHA] 0
952 ## - LOCATION AND ITEM INFORMATION (KOHA)
Withdrawn status [LOCAL, KOHA] 0
Holdings
Koha item type Barcode Lost status Permanent Location Current Location Date acquired Full call number
AGERUA061682 Library Block BLibrary Block B2016-08-31AGE SOM 2015 B515 Or.1
AGERUA061622 Library Block BLibrary Block B2016-08-31AGE SOM 2015 B515 Or.2
AGERUA061618 Library Block BLibrary Block B2016-08-31AGE SOM 2015 B515 Or.3
AGERUA061831 Library Block BLibrary Block B2016-08-31AGE SOM 2015 B515 Or.4
AGERUA061955 Library Block BLibrary Block B2016-08-31AGE SOM 2015 B515 Or.5
AGERUA062263 Library Block BLibrary Block B2016-08-31AGE SOM 2015 B515 Or.6
AGERUA062278 Library Block BLibrary Block B2016-08-31AGE SOM 2015 B515 Or.7
AGERUA061792 Library Block BLibrary Block B2016-08-31AGE SOM 2015 B515 Or.8
មជ្ឈមណ្ឌលឯការនៃសាកលវិទ្យាល័យភូមិន្ទកសិកម្មចំការដូង

Powered by Koha